LEADER 01515nam a2200253 i 4500 001 000000027675 003 CaOOAMICUS 005 20230417142413.0 008 180830s1726 fr u000 u fre u 040 $aSeMil$bita 100 1 $aLe Courayer, Pierre-François,$d<1681-1776>.$0(OLS)http://semarc/name/12573 245 10$aDéfense de la dissertation sur la validité des ordinations des anglois. Contre les differentes réponses qui y ont été faites. Avec les preuves justificatives des faits avancez dans cet ouvrage. Par l'Auteur de la dissertation. Tome 1. [-2.]. 264 1$aA Bruxelles :$bChez Simon T'Serstevens : près les RR. PP. Dominicains,$c1726. 300 $a4 v. ;$c12°. 650 4$aChiesa Anglicana.$0(OLS)http://semarc/subject/4457 650 4$aOrdine (Sacramento).$0(OLS)http://semarc/subject/4458 700 1 $at'Serstevens, Simon,$c.$0(OLS)http://semarc/name/12574 774 0 $tTome 1. Part 1.$g1$w()48741 774 0 $tTome 1. Part 2.$g1$w()217069 774 0 $tTome 2. Part 2.$g2$w()217070 774 0 $tTome 2. Part 1.$g2$w()217071 996 $6245$aDéfense de la dissertation sur la validité des ordinations des anglois. Contre les differentes réponses qui y ont été faites. Avec les preuves justificatives des faits avancez dans cet ouvrage. Par l'Auteur de la dissertation. Tome 1. [-2.]$9(OLS)http://semarc/title/37482 996 $6264$aA Bruxelles :$bChez Simon T'Serstevens : près les RR. PP. Dominicains$9(OLS)http://semarc/publisher/37404 LEADER 01257nam a2200289 i 4500 001 000000111210 003 CaOOAMICUS 005 20041220000000.0 008 041220s1984 it u000 u ita u 013 $a83892 020 $a88-213-0098-6 040 $aSeMil$bita 100 1 $aBraido, Pietro,$c.$0(OLS)http://semarc/name/4486 245 13$aLa lettera di Don Bosco da Roma del 10 maggio 1884 /$cPietro Braido. 260 $aRoma :$bLAS,$ccopyr. 1984. 300 $a84 p. ;$c24 cm. 490 0 $aPiccola biblioteca dell'Istituto storico salesiano ;$v3 500 $aContiene : Appendici. - Fondo Card. C.M. Martini. 650 4$aBosco, Giovanni - Lettere e carteggi.$0(OLS)http://semarc/subject/19872 830 0$aPiccola biblioteca dell'Istituto storico salesiano ;$v3.$0(OLS)http://semarc/title/10884 850 $aSeMil 852 $aSeMil$W1$xVenegono$y1$m3H IV 93$j67045$B67045$CSeMilBibl$Z2$F90636 $81 941 1 $a4 961 $aAcquisto: Martini Card. Carlo Maria 996 $6020$a88-213-0098-6$9(OLS)http://semarc/number/93280 996 $6245$aLa lettera di Don Bosco da Roma del 10 maggio 1884$9(OLS)http://semarc/title/161805 996 $6260$aRoma :$bLAS$9(OLS)http://semarc/publisher/29900